History Quiz

Random History Quiz
Score 0/18 Timer 03:00
0 Plays Today
Andrew Jackson Facts Answers % Correct
Political party of Andrew JacksonDemocrat
73.2%
Jackson's handpicked successorMartin Van Buren
68.8%
Jackson utilized this more than any other previous presidentveto
62.4%
Party that was formed by people who opposed Jackson's monarchical wielding of power Whig Party
54.8%
Nickname of Andrew JacksonOld Hickory
54.8%
Jackson's close group of friends that he relied on for adviceKitchen Cabinet
41.4%
Wife of Andrew JacksonRachel Jackson
37.6%
Jackson's political opponent in the 1832 presidential electionHenry Clay
37.6%
Jackson sent this institution to its graveBank of United States
33.8%
Andrew Jackson Facts Answers % Correct
Although not credited to Jackson, this event plagued Martin Van Buren's presidencyPanic of 1837
28%
Jackson was a member of this secretive groupFree Masons
26.8%
Jackson was the ____th president 7
20.4%
Scandal that caused the resignation of the majority of Jackson's CabinentPeggy Eaton Affair
15.9%
Jackson vetoed the production of this road Maysville Road
12.1%
Act passed by Jackson that led to the 'Trail of Tears'Indian Removal Act of 1830
10.2%
Percentage of Federalist employees replaced when Jackson took office20%
8.3%
Judicial court case that Jackson directly opposedCherokee Nation v Georgia
5.1%
This was caused by Jackson's siphoning of government money to 'pet banks'Biddle's Panic
3.8%
Remove Ads.
Support Sporcle.
Get the best of Sporcle when you Go Orange. This ad-free experience offers more features, more stats, and more fun while also helping to support Sporcle. Thank you for becoming a member.

You're not logged in!

Compare scores with friends on all Sporcle quizzes.
OR
Log In

Show Comments

Extras

Created Oct 28, 2010ReportNominate
Tags:Andrew, jackson, King

Top Quizzes Today


Score Distribution

Your Account Isn't Verified!

In order to create a playlist on Sporcle, you need to verify the email address you used during registration. Go to your Sporcle Settings to finish the process.

Report this User

Report this user for behavior that violates our Community Guidelines.

Details: